000 00455nam a2200169Ia 4500
005 20250423095017.0
008 250422s9999 xx 000 0 und d
020 _a9780521728904
050 _aJC 423 .L5145/
100 _aLi, Quan
245 0 _aDemocracy and economic openness in an interconnected system : complex transformations
260 _aNew York
260 _bCambridge University Press
260 _c2009
300 _a350 p
942 _cBK
999 _c28963
_d28963